书目信息 |
| 题名: |
施工资料C类表格填写范例
|
|
| 作者: | 李淑芳 , 筑龙网组 主编 | |
| 分册: | ||
| 出版信息: | 北京 中国电力出版社 2006.01 |
|
| 页数: | 314页 | |
| 开本: | 26cm | |
| 丛书名: | 筑龙网图书系列 | |
| 单 册: | ||
| 中图分类: | TU712 | |
| 科图分类: | ||
| 主题词: | 建筑工程--Jian Zhu Gong Cheng--工程施工--资料--编制 | |
| 电子资源: | ||
| ISBN: | 7-5083-3817-0 | |
| 000 | 01023nam 2200277 450 | |
| 001 | CAL 012006044541 | |
| 005 | 20060427091142.03 | |
| 010 | @a7-5083-3817-0@dCNY 48.00 | |
| 099 | @aCAL 012006044541 | |
| 100 | @a20060424d2006 ekmy0chiy0121 ea | |
| 101 | 0 | @achi |
| 102 | @aCN@b110000 | |
| 200 | 1 | @a施工资料C类表格填写范例@AShi Gong Zi Liao C Lei Biao Ge Tian Xie Fan Li@f筑龙网组编@Fzhu long wang zu bian |
| 210 | @a北京@c中国电力出版社@d2006.01 | |
| 215 | @a314页@d26cm | |
| 225 | 2 | @a筑龙网图书系列@AZhu Long Wang Tu Shu Xi Lie |
| 300 | @a筑龙网组编 | |
| 314 | @a主编取自书内 | |
| 330 | @a本书根据国家标准C类施工资料要求及该标准中所附表格编写而成,对工程中常用的表格进行规范填写,以起到示范和指导的作用。 | |
| 410 | 0 | @12001 @a筑龙网图书系列@AZhu Long Wang Tu Shu Xi Lie |
| 606 | @a建筑工程@AJian Zhu Gong Cheng@x工程施工@x资料@x编制 | |
| 690 | @aTU712@v4 | |
| 701 | 0 | @a李淑芳@ALi Shu Fang@4主编 |
| 701 | 0 | @a筑龙网组@Azhu long wang zu@4编 |
| 801 | 0 | @aCN@bNJNU@c20060427 |
| 905 | @a10447@dTU712@eZ920 | |
| 施工资料C类表格填写范例/筑龙网组编.-北京:中国电力出版社,2006.01 |
| 314页;26cm.-(筑龙网图书系列) |
| 筑龙网组编 |
| ISBN 7-5083-3817-0:CNY 48.00 |
| 本书根据国家标准C类施工资料要求及该标准中所附表格编写而成,对工程中常用的表格进行规范填写,以起到示范和指导的作用。 |
| ● |
| 相关链接 |
|
|
|
正题名:施工资料C类表格填写范例
索取号:TU712/Z920
 
预约/预借
| 序号 | 登录号 | 条形码 | 馆藏地/架位号 | 状态 | 备注 |
| 1 | 601819 | 206018192 | 建筑库201/201建筑库 21排4列3层/ [索取号:TU712/Z920] | 在馆 | |
| 2 | 601820 | 206018209 | 建筑库201/201建筑库 21排4列3层/ [索取号:TU712/Z920] | 在馆 | |
| 3 | 601821 | 206018218 | 建筑库201/201建筑库 21排4列3层/ [索取号:TU712/Z920] | 在馆 |